000 00828nam a2200277Ia 4500
999 _c37220
_d37220
003 GCL
005 20240530103144.0
008 140319s9999 xx 000 0 ara d
040 _aGCL /
_cGCL
082 0 4 _aق
_b953.08
_bا م
100 1 _aالسيد الباز العرينى
245 1 0 _aالمماليك /
_cالسيد الباز العرينى
260 _a[S.N] :
_bدار النهضة العربية
300 _a312 ص
650 0 4 _aمصر
650 0 4 _aتاريخ
650 0 4 _aالاحوال الاجتماعية
650 0 4 _aالتعليم
650 0 4 _aدولة المماليك
650 0 4 _aالجيش المصرى
650 0 4 _aالسلاطين
650 0 4 _aالفروسية
650 0 4 _aدولة المماليك الجراكسة
650 0 4 _aفنون القتال
942 _2ddc
_cBK